Assessing the “Vitality” of an Innovative Christian Place: the Case of the Sainte-Julienne de Cornillon Shrine (notice n° 1573892)
[ vue normale ]
| 000 -LEADER | |
|---|---|
| fixed length control field | 01209cam a2200157 4500500 |
| 005 - DATE AND TIME OF LATEST TRANSACTION | |
| control field | 20251214030509.0 |
| 041 ## - LANGUAGE CODE | |
| Language code of text/sound track or separate title | fre |
| 042 ## - AUTHENTICATION CODE | |
| Authentication code | dc |
| 100 10 - MAIN ENTRY--PERSONAL NAME | |
| Personal name | Gourrin-Perrodon, Pauline |
| Relator term | author |
| 245 00 - TITLE STATEMENT | |
| Title | Assessing the “Vitality” of an Innovative Christian Place: the Case of the Sainte-Julienne de Cornillon Shrine |
| 260 ## - PUBLICATION, DISTRIBUTION, ETC. | |
| Date of publication, distribution, etc. | 2025.<br/> |
| 500 ## - GENERAL NOTE | |
| General note | 7 |
| 520 ## - SUMMARY, ETC. | |
| Summary, etc. | The evaluation of ecclesial experiences is a key issue for discerning the fruitfulness of missionary initiatives. This article examines the use of the evaluation tool developed by the Zentrum für angewandte Pastoralforschung (ZAP) at the University of Bochum, applying it to the Sainte-Julienne de Cornillon Sanctuary (Liège). Based on four criteria of ecclesial vitality, the tool offers a rich analysis, addressing aspects such as stakeholder responsibility and contextual adaptation. The study also highlights certain limitations of the tool, opening avenues for a more fruitful dialogue between pastoral evaluation and theological reflection. |
| 786 0# - DATA SOURCE ENTRY | |
| Note | Lumen Vitae | Volume LXXX | 2 | 2025-06-03 | p. 223-234 | 0024-7324 |
| 856 41 - ELECTRONIC LOCATION AND ACCESS | |
| Uniform Resource Identifier | <a href="https://shs.cairn.info/journal-lumen-vitae-2025-2-page-223?lang=en&redirect-ssocas=7080">https://shs.cairn.info/journal-lumen-vitae-2025-2-page-223?lang=en&redirect-ssocas=7080</a> |
Pas d'exemplaire disponible.




Réseaux sociaux